| 000 | 00561cam a2200169 a 4500 | ||
|---|---|---|---|
| 020 | _a0784401705 | ||
| 082 | 0 | 0 |
_a624.17 _bBIT _cL-NUST, P-19 |
| 100 | 1 |
_aBittnar, Zdeněk. _942673 |
|
| 245 | 1 | 0 |
_aNumerical methods in structural mechanics / _cZdeněk Bittnar, Jiří Šejnoha. |
| 260 |
_aNew York : _bASCE Press ; _aLondon : _bThomas Telford, _cc1996. |
||
| 300 |
_a422 p. : _bill. ; _c24 cm. |
||
| 526 |
_a0 _b0 _c0 _d624_170000000000000_BIT |
||
| 650 | 0 |
_aNumerical analysis. _9103 |
|
| 650 | 0 |
_aNUST _96342 |
|
| 700 | 1 |
_aŠejnoha, Jiří. _942674 |
|
| 942 |
_2ddc _cBK |
||
| 999 |
_c546524 _d546524 |
||